<?xml version="1.0" encoding="UTF-8"?>
<record
    xmlns:xsi="http://www.w3.org/2001/XMLSchema-instance"
    xsi:schemaLocation="http://www.loc.gov/MARC21/slim http://www.loc.gov/standards/marcxml/schema/MARC21slim.xsd"
    xmlns="http://www.loc.gov/MARC21/slim">

  <leader>02303nam a22002417a 4500</leader>
  <controlfield tag="005">20251206123740.0</controlfield>
  <controlfield tag="008">220906b           ||||| |||| 00| 0 eng d</controlfield>
  <datafield tag="020" ind1=" " ind2=" ">
    <subfield code="a">9789352877911</subfield>
  </datafield>
  <datafield tag="040" ind1=" " ind2=" ">
    <subfield code="c">AL</subfield>
  </datafield>
  <datafield tag="041" ind1=" " ind2=" ">
    <subfield code="a">eng</subfield>
  </datafield>
  <datafield tag="082" ind1=" " ind2=" ">
    <subfield code="a">820.301</subfield>
    <subfield code="b">SANO</subfield>
  </datafield>
  <datafield tag="100" ind1=" " ind2=" ">
    <subfield code="a">Saniya</subfield>
    <subfield code="9">248154</subfield>
  </datafield>
  <datafield tag="245" ind1=" " ind2=" ">
    <subfield code="a">Of closures and new beginnings</subfield>
  </datafield>
  <datafield tag="260" ind1=" " ind2=" ">
    <subfield code="a">Hyderabad</subfield>
    <subfield code="b">Orient Blackswan</subfield>
    <subfield code="c">2019</subfield>
  </datafield>
  <datafield tag="300" ind1=" " ind2=" ">
    <subfield code="a">xiv,257p</subfield>
    <subfield code="b">PB</subfield>
    <subfield code="c">21x14cm</subfield>
  </datafield>
  <datafield tag="365" ind1=" " ind2=" ">
    <subfield code="2">English</subfield>
    <subfield code="a">3496</subfield>
    <subfield code="b">464.00</subfield>
    <subfield code="c">&#x20B9;</subfield>
    <subfield code="d">595.00</subfield>
    <subfield code="e">22%</subfield>
    <subfield code="f">09-08-2022</subfield>
  </datafield>
  <datafield tag="520" ind1=" " ind2=" ">
    <subfield code="a">a collection of five short stories and a novella by three-time Maharashtra State Award winner for literature, &lt; em&gt; of closures and new beginnings;/em&gt; explores the struggles of the modern urban Indian woman to assert her individuality amidst societal pressures and expectations. The stories address her predicament as she makes choices&#x201D;of career versus family life, of freedom versus bonds that tie her down, of relationships that are nameless, yet important to her. Saniyas characters&#x201D;sharply etched, honest and startlingly real&#x201D;compel you to ponder their decisions in their quest to find themselves.&lt;/br&gt; The novella, &lt; em&gt; awartan&lt;/em&gt; (1996), One of Sanitary most intense works, explores a relationship which, for the conservative Indian society of the 1990s, was daring and uncommon. Seen through the eyes of a young introvert woman, it closely examines family ties, human relationships, and the untimely death of a loved one. Her journey of coming to terms with her loss, and understanding the meaning of love, through conflicting emotions, introspection and Distance, is depicted with a rare empathy, sensitivity and poignancy.&lt;/br&gt; translated flawlessly by Keerti Ramachandra, who captures the writers voice and style intuitively, each narrative in this volume offers valuable insights into real-life situations that most of us can relate to, and memorable characters who remain with you&lt; strong&gt; &lt;/strong&gt; long after the story ends. Saniyas writing, her idiom and her sensibility are contemporary, her themes universal, and will resonate powerfully with all readers of Indian fiction.</subfield>
  </datafield>
  <datafield tag="650" ind1=" " ind2=" ">
    <subfield code="a">Indian English Fiction</subfield>
    <subfield code="9">56667</subfield>
  </datafield>
  <datafield tag="650" ind1=" " ind2=" ">
    <subfield code="a">Marathi Tr in English</subfield>
    <subfield code="9">56668</subfield>
  </datafield>
  <datafield tag="650" ind1=" " ind2=" ">
    <subfield code="a">Indian English Short Stories</subfield>
    <subfield code="9">56669</subfield>
  </datafield>
  <datafield tag="700" ind1=" " ind2=" ">
    <subfield code="a">Ramachandra, Keerthi Tr</subfield>
    <subfield code="9">56679</subfield>
  </datafield>
  <datafield tag="942" ind1=" " ind2=" ">
    <subfield code="2">ddc</subfield>
    <subfield code="c">BK</subfield>
  </datafield>
  <datafield tag="999" ind1=" " ind2=" ">
    <subfield code="c">224521</subfield>
    <subfield code="d">224521</subfield>
  </datafield>
  <datafield tag="952" ind1=" " ind2=" ">
    <subfield code="0">0</subfield>
    <subfield code="1">0</subfield>
    <subfield code="2">ddc</subfield>
    <subfield code="4">0</subfield>
    <subfield code="7">0</subfield>
    <subfield code="8">ENG</subfield>
    <subfield code="a">AL</subfield>
    <subfield code="b">AL</subfield>
    <subfield code="d">2022-08-11</subfield>
    <subfield code="e">Biblios Book Point, Surathkal, Mangalore-575014</subfield>
    <subfield code="g">464.00</subfield>
    <subfield code="l">2</subfield>
    <subfield code="o">820.301 SANO</subfield>
    <subfield code="p">075977</subfield>
    <subfield code="r">2024-08-19 00:00:00</subfield>
    <subfield code="s">2024-08-09</subfield>
    <subfield code="v">595.00</subfield>
    <subfield code="w">2022-09-06</subfield>
    <subfield code="y">BK</subfield>
  </datafield>
</record>
